Opening up the debate (Record no. 107209)

MARC details
000 -LEADER
fixed length control field 01567cab a22002295a 4500
001 - CONTROL NUMBER
control field L138587
008 - FIXED-LENGTH DATA ELEMENTS--GENERAL INFORMATION
fixed length control field 070625e20070613xxk f s 000 0 eng d
035 ## - SYSTEM CONTROL NUMBER
System control number (Sirsi) u138587
041 0# - LANGUAGE CODE
Language code of text/sound track or separate title eng
050 04 - LIBRARY OF CONGRESS CALL NUMBER
Classification number 711.4 $2 18
100 1# - MAIN ENTRY--PERSONAL NAME
Personal name MacDonald, Kelvin
245 00 - TITLE STATEMENT
Title Opening up the debate
Remainder of title exploring housing land supply myths
-- a report based on evidence provided by the Royal Town Planning Institute (RTPI) to the Callcutt Review of House Building Delivery
Medium [electronic resource]
260 ## - PUBLICATION, DISTRIBUTION, ETC.
Place of publication, distribution, etc. London
Name of publisher, distributor, etc. RTPI
Date of publication, distribution, etc. 2007
520 ## - SUMMARY, ETC.
Summary, etc. Addresses issues of housing affordability and supply. Reveals figures suggesting that planning permission currently exists 14 000 acres of land: enough for up to 225 000 new homes. Comprises part of the RTPI's evidence to the Callcutt Review of Housebuilding Delivery. Recommends that housebuilders should declare the amount of land they currently hold with planning permission to help form regional databanks; that the National Housing and Planning Unit should publish a breakdown of such information; that the government and Callcutt review should identify blockages in the planning system; and that governmental action should be taken to address the housebuilding crisis.
590 ## - LOCAL NOTE (RLIN)
Local note KA
650 24 - SUBJECT ADDED ENTRY--TOPICAL TERM
Topical term or geographic name entry element CALLCUTT REVIEW OF HOUSE BUILDING DELIVERY
651 #4 - SUBJECT ADDED ENTRY--GEOGRAPHIC NAME
Geographic name England and Wales
Chronological subdivision 1543-
690 ## - LOCAL SUBJECT ADDED ENTRY--TOPICAL TERM (OCLC, RLIN)
Topical term or geographic name as entry element ENVIRONMENTAL AND LAND CONSULTANCY-PLANNING AND DEVELOPMENT-PLANNING REFORM
700 1# - ADDED ENTRY--PERSONAL NAME
Personal name Kliman, Andrew
856 40 - ELECTRONIC LOCATION AND ACCESS
Uniform Resource Identifier <a href="https://www.rtpi.org.uk/item/912/23/5/3">https://www.rtpi.org.uk/item/912/23/5/3</a>
Public note View the item free of charge at www.rtpi.org.uk...
942 ## - ADDED ENTRY ELEMENTS (KOHA)
Suppress in OPAC 0
Holdings
Withdrawn status Lost status Source of classification or shelving scheme Damaged status Not for loan Home library Current library Shelving location Date acquired Total Checkouts Full call number Barcode Date last seen Copy number Price effective from Koha item type
    Dewey Decimal Classification     Virtual Virtual Online 25/06/2007   ONLINE PUBLICATION 138587-2001 06/08/2019 1 06/08/2019 Book